Harry Potter: Chapters in Order - Book 1 Quiz Stats

 Plays Quiz Updated Jul 25, 2017

Support Sporcle.
Go Orange.
Score 0/17 Timer 06:00
33 Plays Today
% Correct
???
100%
???
68.4%
???
65.2%
???
56.5%
???
53.7%
???
52.5%
???
50.1%
???
45.6%
???
27.6%
% Correct
???
19.5%
???
16.3%
???
10.8%
???
6.5%
???
5.6%
???
5.5%
???
5.5%
???
5.5%

You're not logged in!

Compare scores with friends on all Sporcle quizzes.
OR
Log In
Forgot?

Sporcle TV

The Pottermasters - Harry Potter Chapter Titles in Order Quiz


Holly and Maria go up against the very difficult challenge of choosing the chapter titles from Harry Potter and the Sorcerer's Stone in order, without making a mistake. Watch and see if they can do it in only one try!

From the Vault

Famous Southerners (US)

by Tootsnsuch

Can you catch the hint of a Southern accent in these clues?
Remove Ads.
Support Sporcle.
Get the best of Sporcle when you Go Orange. This ad-free experience offers more features, more stats, and more fun while also helping to support Sporcle. Thank you for becoming a member.

Show Comments

Extras

Top Quizzes Today


Score Distribution

Your Account Isn't Verified!

In order to create a playlist on Sporcle, you need to verify the email address you used during registration. Go to your Sporcle Settings to finish the process.

Report this User

Report this user for behavior that violates our Community Guidelines.

Details: